000 00239nam a2200097Ia 4500
001 682871
005 20250826161427.0
008 250824s9999 xx 000 0 und d
245 0 _aVİTRİNDE OLMAK
_cMUSTAFA KUTLU
260 _bDERGAH YAYINLARI
999 _c682871
_d682871